British Trivia Quiz - Statistics

General Stats
  • This quiz has been taken 78 times
  • The average score is 11 of 15
Answer Stats
Question Answer % Correct
What is England's currency? Pound Sterling
100%
What is the Name of the River in London Thames
100%
Which is the Capital City of Northern Ireland Belfast
83%
Which is the highest mountain in Great Britain? Ben Nevis, Scotland
83%
Which of these four cities is not in Britain Dublin
83%
What city is the long-running TV soap 'EastEnders' based in? London
83%
Which of these country did England have the 100 year War with? France
75%
In which county would you find the White Cliffs of Dover? Kent
75%
Which county is home to Norwich? Norfolk
75%
Which English city is furthest north? Leeds
67%
Which of these countries were Allies in the world wars? Belguim
58%
Which Football team is in the Premier League in 2021/22 Watford
58%
Which city falls into the County Of West Midlands Birmingham
50%
How many teams compete in EFL League Two? 24
42%
Which of these 4 NBA players was born in the UK? OG Anunoby
17%
No matching quizzes found
Score Distribution
Percent of People with Each Score
Percentile by Number Answered
Your Score History
You have not taken this quiz